Historia de Antonio de Herrera... de los sucessos de Francia desde el año de 1585 que començo la liga Catolica hasta en [sic] fin del año 1594... (Record no. 155375)

MARC details
000 -LEADER
campo de control de longitud fija 01228nam a2200277 i 4500
001 - NÚMERO DE CONTROL
campo de control 155375
003 - IDENTIFICADOR DE NÚMERO DE CONTROL
campo de control ES-MaACL
005 - FECHA Y HORA DE LA ÚLTIMA TRANSACCIÓN
campo de control 20250808065322.0
008 - DATOS DE LONGITUD FIJA--INFORMACIÓN GENERAL
campo de control de longitud fija 950111s1598 sp a |||| | spa d
040 ## - FUENTE DE CATALOGACIÓN
Centro catalogador/agencia de origen CAV
Lengua de catalogación spa
100 1# - ENTRADA PRINCIPAL--NOMBRE DE PERSONA
Nombre de persona Herrera y Tordesillas, Antonio de.
9 (RLIN) 63252
Término indicativo de función/relación Autor
245 10 - MENCIÓN DEL TÍTULO
Título Historia de Antonio de Herrera... de los sucessos de Francia desde el año de 1585 que començo la liga Catolica hasta en [sic] fin del año 1594...
260 ## - PUBLICACIÓN, DISTRIBUCIÓN, ETC.
Lugar de publicación, distribución, etc. En Madrid :
Nombre del editor, distribuidor, etc. por Lorenço de Ayala :
-- Vendese en casa de Iuan de Montoya,
Fecha de publicación, distribución, etc. 1598.
300 ## - DESCRIPCIÓN FÍSICA
Extensión 4 h., 353 p., 9 h. ;
Dimensiones 20 cm.
510 4# - NOTA DE CITAS O REFERENCIAS BIBLIOGRÁFICAS
Nombre de la fuente CCBE. S. XVI,
Localización dentro de la fuente H, 337
530 ## - NOTA DISPONIBLE DE FORMULARIO FÍSICO ADICIONAL
Nota de formato físico adicional disponible Disponible en formato digital
597 ## - NOTA DE DESCRIPCIÓN FÍSICA
NOTA DE DESCRIPCIÓN FÍSICA Sign.: A-Z, 2A-2Z, 3A-3Z, 4A-4Y.
597 ## - NOTA DE DESCRIPCIÓN FÍSICA
NOTA DE DESCRIPCIÓN FÍSICA Port. con esc. real.
651 #7 - PUNTO DE ACCESO ADICIONAL DE MATERIA--NOMBRE GEOGRÁFICO
Nombre geográfico Francia-
Subdivisión general Historia-
Subdivisión cronológica 1574-1589, Enrique III
Fuente del encabezamiento o término
9 (RLIN) 154828
651 #4 - PUNTO DE ACCESO ADICIONAL DE MATERIA--NOMBRE GEOGRÁFICO
Nombre geográfico Francia-
Subdivisión general Historia-
Subdivisión cronológica 1598-1610, Enrique IV.
9 (RLIN) 8681
852 ## - LOCALIZACIÓN
Ubicación ES-MaACL
Número de control de estantería R-846
Encuadernación Holandesa
Ubicación en estantería Depósito
Signatura antigua G-2865
856 ## - LOCALIZACIÓN Y ACCESO ELECTRÓNICOS
Identificador Uniforme de Recursos <a href="https://bibliotecavirtualmadrid.comunidad.madrid/bvmadrid_publicacion/es/consulta/registro.do?id=2958">https://bibliotecavirtualmadrid.comunidad.madrid/bvmadrid_publicacion/es/consulta/registro.do?id=2958</a>
Texto de enlace Versión en línea
Nota pública (Biblioteca Digital de Madrid)
942 ## - ELEMENTOS DE ENTRADA SECUNDARIOS (KOHA)
Fuente del sistema de clasificación o colocación Clasificación decimal universal
Tipo de ítem Koha Libro impreso antiguo
Suprimir en OPAC No
Holdings
Estatus retirado Estado de pérdida Estado de daño No para préstamo Colección Biblioteca de origen Biblioteca actual Ubicación en estantería Fecha de adquisición Fuente de adquisición Total de préstamos Signatura topográfica completa Código de barras Visto por última vez Precio de reemplazo Tipo de ítem Koha
        Libros del s. XVI Biblioteca del Ateneo de Madrid Biblioteca del Ateneo de Madrid Depósito 17/01/2008     R-846 1162528 23/02/2023 23/02/2023 Libro impreso antiguo